Cities Hosting the 2026 FIFA World Cup - Statistics

General Stats
  • This quiz has been taken 48 times
  • The average score is 13 of 16
Answer Stats
Answer % Correct
Los Angeles
100%
New York City
100%
Mexico City
98%
Miami
93%
San Francisco
93%
Toronto
91%
Boston
89%
Vancouver
89%
Dallas
86%
Seattle
82%
Atlanta
80%
Houston
77%
Guadalajara
75%
Philadelphia
73%
Monterrey
59%
Kansas City
43%
No matching quizzes found
Score Distribution
Percent of People with Each Score
Percentile by Number Answered
Your Score History
You have not taken this quiz